000 01217nam0a22003131 4500
001 RU\INFOCOMM_317\NLR\5000032072
005 20250614081056.0
035 _a(NLR Aleph) 010626785
090 _a10621897
_c10621897
100 _a20130328d1989 |||y0rusy50 ca
101 0 _aeng
102 _aRU
105 _ay z||||
200 1 _aLow temperature long-time energy relaxation in LiCL∙7H₂O
_fS. Sahling
210 _aДубна
_cОбъед. ин-т ядер. исслед.
_d1989
215 _a8 с.
_cграф.
_d21 см
225 1 _aОбъединенный институт ядерных исследований, Дубна
_vE8-89-339
300 _aНа 3-й с. обл.: Низкотемпературная медленная релаксация энергии в LiCl∙7H₂O / Салинг С.
300 _aРез. на рус. яз.
300 _a"Submitted to "Solid state communications""
320 _aБиблиогр.: с. 7-8
606 0 _aХлорид лития
_xРелаксация
_2nlr_sh1
686 _aЛ43-1
_2rubbk
700 1 _aSahling
_bS.
801 1 _aRU
_bInfocomm
_c20130328
801 0 _aRU
_bINFOCOMM
_gPSBO
852 _aNLR
_jТ45 Д-4/400
942 _cBOOK
980 _aNB